MARC

LEADER 00000nam0a2200000 4500
001 263323
005 20231101233728.0
035 |a (RuTPU)RU\TPU\book\286308 
090 |a 263323 
100 |a 20140607d1987 k y0rusy50 ca 
101 0 |a rus 
102 |a RU 
105 |a a z 001zy 
200 1 |a Геохимические критерии количественной оценки скрытого оруденения  |e сборник научных статей  |f Академия наук СССР (АН СССР), Институт минералогии, геохимии и кристаллохимии редких элементов (ИМГРЭ) 
210 |a Москва  |c Изд-во ИМГРЭ  |d 1987 
215 |a 79 с.  |c ил. 
320 |a Библиография в конце статей 
606 1 |a Месторождения полезных ископаемых  |x Оценка  |2 stltpush  |3 (RuTPU)RU\TPU\subj\42239  |9 61926 
610 1 |a скрытое оруденение 
610 1 |a надрудные геохимические ореолы 
610 1 |a полезные ископаемые 
610 1 |a поиск 
610 1 |a геохимические методы 
610 1 |a прогнозирование 
610 1 |a геохимические аномалии 
610 1 |a продуктивность 
610 1 |a метаморфические породы 
610 1 |a радиологическое датирование 
610 1 |a машинная обработка 
675 |a 553.042  |v 3 
712 0 2 |a Академия наук СССР (АН СССР)  |b Институт минералогии, геохимии и кристаллохимии редких элементов (ИМГРЭ)  |c (Москва)  |2 stltpush  |3 (RuTPU)RU\TPU\col\10887 
801 1 |a RU  |b 63413507  |c 20140607 
801 2 |a RU  |b 63413507  |c 20150406  |g RCR 
942 |c BK